• 首页
  • 本馆介绍
  • 公告通知
  • 最新文献
  • 馆藏检索
  • 电子资源
  • 读者导购
  • 参考咨询
  • 我的图书馆
  • 登录
  • 详细信息显示
  • 放入我的书架
  • 预约/预借图书
  • 作者相关作品
  • 分类相关作品
  • 丛书相关作品
  • 出版社相关作品

书目信息

  • 表格格式
  • 工作单格式
  • 卡片格式
题名:
中华隶书常用字字汇
    
 
作者: 刘国辉 编著
分册:  
出版信息: 南京   江苏凤凰美术出版社  2017.5
页数: 344页
开本: 24cm
丛书名: 中国传统文化经典荟萃
单 册:
中图分类: J292.113.2
科图分类:
主题词: 隶书--书法
电子资源:
ISBN: 978-7-5580-1829-9
000 00953oam2 2200253 45
001 012001011647
005 20141122141625.0
010    @a978-7-5580-1829-9@b精装@dCNY49.80
100    @a20181029d2017 em y0chiy0110 ea
101 0  @achi
102    @aCN@b320000
105    @ay z 000yy
106    @ar
200 1  @a中华隶书常用字字汇@Azhong hua li shu chang yong zi zi hui@f刘国辉编著
210    @a南京@c江苏凤凰美术出版社@d2017.5
215    @a344页@d24cm
225 2  @a中国传统文化经典荟萃
330    @a隶书,亦称汉隶,是汉字中常见的一种庄重的字体,书写效果略微宽扁,横画长而直画短,呈长方形状,讲究“蚕头雁尾”、“一波三折”。隶书起源于秦朝,由程邈整理而成,在东汉时期达到顶峰,对后世书法有不可小觑的影响,书法界有“汉隶唐楷”之称。
410  0 @12001 @a中国传统文化经典荟萃
606 0  @a隶书@x书法
690    @aJ292.113.2@v5
701  0 @a刘国辉@Aliu guo hui@4编著
801  0 @aCN@b上海新华@c20191020
905    @b1184014-7@dJ292.113.2@e631@f4
    
    中华隶书常用字字汇/刘国辉编著.-南京:江苏凤凰美术出版社,2017.5
    344页;24cm.-(中国传统文化经典荟萃)
    
    
    ISBN 978-7-5580-1829-9(精装):CNY49.80
    隶书,亦称汉隶,是汉字中常见的一种庄重的字体,书写效果略微宽扁,横画长而直画短,呈长方形状,讲究“蚕头雁尾”、“一波三折”。隶书起源于秦朝,由程邈整理而成,在东汉时期达到顶峰,对后世书法有不可小觑的影响,书法界有“汉隶唐楷”之称。
●
相关链接 在E读中查询图书 在五车中查询图书 在当当中查询图书 在豆瓣中查询图书


正题名:中华隶书常用字字汇     索取号:J292.113.2/631         预约/预借

序号 登录号 条形码 馆藏地/架位号 状态 备注
1 1184014   211840141   第一样本阅览室/ [索取号:J292.113.2/631] 在馆    
2 1184015   211840150   第一借阅区/ [索取号:J292.113.2/631] 在馆    
3 1184016   211840169   第一借阅区/ [索取号:J292.113.2/631] 在馆    
4 1184017   211840178   第一借阅区/ [索取号:J292.113.2/631] 在馆    
唐山师范学院图书馆 欢迎您!
大连网信软件有限公司© 版权所有